Oxford Student's Dictionary of Current English

Gespeichert in:
Bibliographische Detailangaben
1. Verfasser: Hornby, A.S
Weitere Verfasser: Ruse, Christina
Format: Buch
Sprache:Englisch
Veröffentlicht: Oxford University Press 1988
Ausgabe:2. ed.
Tags: Tag hinzufügen
Keine Tags, Fügen Sie das erste Tag hinzu!

MARC

LEADER 00000nam a2200000 4500
001 c035427
005 20221219120342.9
041 0 |a eng 
044 |a GB 
245 1 0 |a Oxford Student's Dictionary of Current English  |c A.S. Hornby, Christina Ruse 
250 |a 2. ed. 
264 1 |a Oxford  |b University Press  |c 1988 
300 |a 748 s. 
100 1 |a Hornby, A.S. 
700 1 |a Ruse, Christina